Vývoj měnových kursů otevřených ekonomik od roku 1870 do dnešní doby s důrazem na Zlatý standard a Brettonwoodský systém
Pojem otvorená ekonomika a ciele jej makroekonomickej politiky. Vnútorná a vonkajšia rovnováha. Vývoj medzinárodného menového systému v r. 1870-1973. Systém zlatého štandardu (1870-1914). Vonkajšia a vnútorná rovnováha za zlatého štandardu. Návrh na Brettonwoodský menový systém po 2. svetovej vojne....
Salvato in:
| Autore principale: | |
|---|---|
| Natura: | Capitolo di libro |
| Lingua: | ceco |
| Soggetti: | |
| Tags: |
Nessun Tag, puoi essere il primo ad aggiungerne!!
|
MARC
| LEADER | 00000naa a2200000 4500 | ||
|---|---|---|---|
| 001 | r023243 | ||
| 005 | 20230922102126.3 | ||
| 041 | 0 | |a cze | |
| 044 | |a CZ | ||
| 245 | 1 | 0 | |a Vývoj měnových kursů otevřených ekonomik od roku 1870 do dnešní doby s důrazem na Zlatý standard a Brettonwoodský systém |c K. Višňovská |
| 520 | |a Pojem otvorená ekonomika a ciele jej makroekonomickej politiky. Vnútorná a vonkajšia rovnováha. Vývoj medzinárodného menového systému v r. 1870-1973. Systém zlatého štandardu (1870-1914). Vonkajšia a vnútorná rovnováha za zlatého štandardu. Návrh na Brettonwoodský menový systém po 2. svetovej vojne. Podpísanie Brettonwoodskej dohody o MMF v r. 1944. Vnútorná a vonkajšia rovnováha za brettonwoodskeho systému. Pevné a pohyblivé menové kurzy. Európska menová únia a situácia ekonomík strednej a východnej Európy. | ||
| 610 | 2 | 0 | |a kurz menový |
| 610 | 2 | 0 | |a 1870-1995 |
| 610 | 2 | 0 | |a vývoj menový |
| 610 | 2 | 0 | |a pojmy |
| 610 | 2 | 0 | |a hospodárstvo otvorené |
| 610 | 2 | 0 | |a rovnováha hospodárska |
| 610 | 2 | 0 | |a história |
| 610 | 2 | 0 | |a systém menový medzinárodný |
| 610 | 2 | 0 | |a štandard zlatý |
| 610 | 2 | 0 | |a dohody Bretton-Woodske |
| 610 | 2 | 0 | |a Medzinárodný menový fond |
| 610 | 2 | 0 | |a Európska menová únia |
| 610 | 2 | 0 | |a SVE |
| 100 | 1 | |a Višňovská, K. | |